| 000 | 00380nam a22001697a 4500 | ||
|---|---|---|---|
| 003 | MACL | ||
| 005 | 20150911160517.0 | ||
| 008 | 150911b xxu||||| |||| 00| 0 eng d | ||
| 040 | _cMACL | ||
| 041 | _aEnglish | ||
| 082 | _a823 | ||
| 100 |
_aSudip Mukherjee _910211 |
||
| 245 | _aGreat Short Stories | ||
| 260 |
_aKolkata _bScript |
||
| 650 |
_aFicition _9964 |
||
| 942 |
_2ddc _cBK |
||
| 999 |
_c50279 _d50279 |
||